000 00301nam a22001337a 4500
008 170126b xxu||||| |||| 00| 0 eng d
020 _a9780324260007
041 _aeng
080 _2.3RD
_a61
100 _a3
101 _aMED
245 _aHEALTH ECONOMICS & POLICY
_cHENDERSON, J.W
942 _2udc
_cBK
999 _c3796
_d3796